Statistics for General Knowledge Quiz #81

Click here to take the quiz!

General Stats

  • This quiz has been taken 72,889 times
    (49,938 since last reset)
  • The average score is 13 of 20

Answer Stats

QuestionAnswer% Correct
Who was the lead singer of Queen?Freddie Mercury
92%
What city would you arrive in if you drove south over the Golden Gate Bridge?San Francisco
89%
What part of the body does the Greek root "derma" refer to?Skin
88%
What is the capital of Poland?Warsaw
87%
What creatures were employees at Willy Wonka's chocolate factory?Oompa-Loompas
82%
Which U.S. state has the highest proportion of senior citizens?Florida
74%
What is the word for a baby goat?Kid
73%
If someone is in the Land of Nod, what are they doing?Sleeping
72%
In what movie would you hear the line "I'm gonna make him an offer he can't refuse"?The Godfather
71%
What is the westernmost Canadian province?British Columbia
61%
Who wrote "War and Peace"?Leo Tolstoy
61%
What does "Le Monde" mean in English?The World
61%
What is called the "national pastime" of the United States?Baseball
59%
What is the name for the second full moon in a calendar month?{Blue} Moon
59%
According to legend, who rode naked through the city of Coventry to protest high taxes?Lady {Godiva}
48%
What was Princess Diana's maiden name?Spencer
47%
What actress once had "Billy Bob" tattooed on her arm?Angelina Jolie
42%
What country has land on both sides of the Dardanelles?Turkey
38%
What is Indiana Jones's real first name?Henry
25%
... and who spied on her while she did so?Peeping Tom
24%

Score Distribution

Percentile by Number Answered

Percent of People with Each Score

Your Score History

You have not taken this quiz since the last reset